000 00481nam a2200181Ia 4500
001 11167
005 20260306161926.0
008 260306t2021||||xx |||||||||||||| ||spa||
041 _aESP
082 _a985.01
_bM61
110 _aMinisterio de Cultura
245 0 _aActas del II Congreso Internacional de Arqueología del Área Centro Sur Andina (ACSA)
260 _c2021
300 _a336 páginas :
_c24 cm.
650 _aGEN
654 _aCHU
942 _cLIB
_dJUS
_fJUS
_2ddc
_n
999 _c11167
_d11167